Statistics for Flags of Subnational Units 20

Click here to take the quiz!

General Stats

  • This quiz has been taken 29 times
  • The average score is 8 of 20

Answer Stats

Answer% Correct
Washington
95%
Oslo
73%
Andorra la Vella
68%
Bishkek
68%
Tel Aviv
68%
Amman
64%
Christmas Island
64%
Oxfordshire
50%
Gdańsk
45%
Vancouver
45%
Mecklenburg-Western Pomerania
36%
Gotland County
27%
Rutland
23%
The Hague
23%
Minneapolis
18%
Tartu
18%
Vladivostok
18%
Mulhouse
14%
Pamplona
14%
Kymenlaakso
5%

Score Distribution

Percentile by Number Answered

Percent of People with Each Score

Your Score History

You have not taken this quiz